South Eastern Kenya University

Library Online Public Access Catalogue


Google+ for dummies / (Record no. 12883)

MARC details
000 -LEADER
fixed length control field 01085cam a22003254a 4500
001 - CONTROL NUMBER
control field 16987904
003 - CONTROL NUMBER IDENTIFIER
control field OSt
005 - DATE AND TIME OF LATEST TRANSACTION
control field 20160420152500.0
008 - FIXED-LENGTH DATA ELEMENTS--GENERAL INFORMATION
fixed length control field 111003s2012 njua 001 0 eng d
010 ## - LIBRARY OF CONGRESS CONTROL NUMBER
LC control number 2011940390
020 ## - INTERNATIONAL STANDARD BOOK NUMBER
International Standard Book Number 9781118181294 (pbk.)
020 ## - INTERNATIONAL STANDARD BOOK NUMBER
International Standard Book Number 1118181298 (pbk.)
035 ## - SYSTEM CONTROL NUMBER
System control number (OCoLC)ocn746834687
040 ## - CATALOGING SOURCE
Original cataloging agency SEKU
042 ## - AUTHENTICATION CODE
Authentication code lccopycat
050 00 - LIBRARY OF CONGRESS CALL NUMBER
Classification number HM 742
Item number .S7
082 04 - DEWEY DECIMAL CLASSIFICATION NUMBER
Classification number 006.754
Edition number 23
100 1# - MAIN ENTRY--PERSONAL NAME
Personal name Stay, Jesse.
245 10 - TITLE STATEMENT
Title Google+ for dummies /
Statement of responsibility, etc. by Jesse Stay.
246 3# - VARYING FORM OF TITLE
Title proper/short title Google plus
250 ## - EDITION STATEMENT
Edition statement Portable ed.
260 ## - PUBLICATION, DISTRIBUTION, ETC. (IMPRINT)
Place of publication, distribution, etc. Hoboken, N.J. :
Name of publisher, distributor, etc. Wiley,
Date of publication, distribution, etc. 2012.
300 ## - PHYSICAL DESCRIPTION
Extent xii, 132 p. :
Other physical details ill. ;
Dimensions 22 cm.
500 ## - GENERAL NOTE
General note Includes index.
520 ## - SUMMARY, ETC.
Summary, etc. Describes the features of the Google+ social networking site, covering such topics as setting up a profile, creating circles, posting, finding content, gaming, using Google+ on mobile devices, and using Google+ photos.
650 #0 - SUBJECT ADDED ENTRY--TOPICAL TERM
Topical term or geographic name as entry element Online social networks.
650 #0 - SUBJECT ADDED ENTRY--TOPICAL TERM
Topical term or geographic name as entry element Google+ (Electronic resource)
650 #0 - SUBJECT ADDED ENTRY--TOPICAL TERM
Topical term or geographic name as entry element Social networks
General subdivision Computer network resources.
942 ## - ADDED ENTRY ELEMENTS (KOHA)
Source of classification or shelving scheme Library of Congress Classification
Koha item type General circulation
Holdings
Withdrawn status Lost status Source of classification or shelving scheme Damaged status Not for loan Home library Current library Shelving location Date acquired Source of acquisition Total Checkouts Full call number Barcode Date last seen Price effective from Koha item type Public note
    Library of Congress Classification     Main Campus Library Main Campus Library General Stacks 20/04/2016 Donation- Books for Africa   HM 742 .S7 2016/016543 20/04/2016 20/04/2016 General circulation stv
Kitui, Kenya.
+254736116989
library@seku.ac.ke